| 000 | 00668nam a2200169 a 4500 | ||
|---|---|---|---|
| 005 | 20140414132108.0 | ||
| 008 | 110112s19uu xx 00 eng d | ||
| 050 |
_aM 599.63 _bH28 2007 |
||
| 100 | _aHatkoff, Isabella. | ||
| 245 |
_aOwen & Mzee : _bthe language of friendship / _ctold by Isabella Hatkoff, Craig Hatkoff, and Paula Kuhumbu ; with photographs by Peter Greste. |
||
| 250 | _a1st ed. | ||
| 260 |
_aNew York : _bScholastic Press, _cc2007. |
||
| 500 | _aIncludes bibliographical references and index. | ||
| 650 |
_aHippopotamus _xBehavior _xKenya _xJuvenile literature. |
||
| 650 |
_aAldabra tortoise _xBehavior _xKenya _xJuvenile literature. |
||
| 999 |
_c114657 _d114657 |
||